| 000 | 00487nam a2200145Ia 4500 | ||
|---|---|---|---|
| 008 | 170224s9999 xx 000 0 und d | ||
| 100 | _aNaehyun Jin | ||
| 245 | 4 | _aThe Impact of Restaurant Experiences on Mature and Nonmature Customers: Exploring Similarities and Differences Pages: 1-26 | |
| 245 | _cNaehyun Jin & Sangmook Lee | ||
| 260 | _bInternational Journal of Hospitality & Tourism Administration | ||
| 260 | _c2016 | ||
| 300 | _a17:1 | ||
| 500 | _a2016 | ||
| 650 | _xTourism. | ||
| 999 |
_c315630 _d315630 |
||